[Event "World Blitz 2016"]
[Site "Doha QAT"]
[Date "2016.12.29"]
[Round "6.2"]
[White "Karjakin, Sergey"]
[Black "Adly, Ahmed"]
[Result "1-0"]
[WhiteTitle "GM"]
[BlackTitle "GM"]
[WhiteElo "2785"]
[BlackElo "2599"]
[WhiteFideId "14109603"]
[BlackFideId "10601619"]
[EventDate "2016.12.29"]

1. e4 c5 2. Nf3 d6 3. Bb5+ Bd7 4. c4 Nf6 5. Nc3 a6 6. Bxd7+ Qxd7 7. d4 cxd4 8.
Nxd4 Qg4 9. Qxg4 Nxg4 10. Nd5 Kd8 11. f3 Ne5 12. Nb6 Ra7 13. Be3 a5 14. Ke2 Ra6
15. Nb5 Nbd7 16. Nxd7 Kxd7 17. c5 Nc4 18. Bf2 Nxb2 19. Rhc1 Rc6 20. a4 e6 21.
Ra2 Nxa4 22. Rxa4 dxc5 23. Rxa5 Ra6 24. Rxa6 bxa6 25. Nc3 Bd6 26. Na4 Rb8 27.
Nxc5+ Ke8 28. Nd3 a5 29. e5 Be7 30. Rc4 Rb5 31. Rc8+ Kd7 32. Ra8 f5 33. exf6
gxf6 34. Ra7+ Ke8 35. g4 f5 36. Bd4 fxg4 37. fxg4 h5 38. Ne5 hxg4 39. Ra8+ Bd8
40. Nc6 Kd7 41. Nxd8 Rd5 42. Be3 Rh5 43. Bf4 Rf5 44. Bg3 Rf8 45. Ra7+ Kxd8 46.
Ra8+ Ke7 47. Bd6+ Kxd6 48. Rxf8 Kc5 49. Rg8 1-0

[Event "World Blitz 2016"]
[Site "Doha QAT"]
[Date "2016.12.29"]
[Round "6.5"]
[White "Salem, A.R. Saleh"]
[Black "Jobava, Baadur"]
[Result "1/2-1/2"]
[WhiteTitle "GM"]
[BlackTitle "GM"]
[WhiteElo "2656"]
[BlackElo "2702"]
[WhiteFideId "9301348"]
[BlackFideId "13601520"]
[EventDate "2016.12.29"]

1. d4 Nf6 2. c4 e6 3. Nc3 Bb4 4. e3 b6 5. Bd3 Bb7 6. Nf3 c5 7. O-O O-O 8. Na4
cxd4 9. exd4 Be7 10. Bf4 Na6 11. Rc1 Rc8 12. Qe2 d6 13. a3 Nc7 14. Rfe1 Re8 15.
b4 h6 16. Nc3 Bf8 17. Rcd1 Qd7 18. Bc1 Rcd8 19. Bc2 Qc8 20. h3 Qa8 21. Rd3 d5
22. c5 Ba6 23. Ne5 bxc5 24. dxc5 d4 25. Nd1 Ncd5 26. Nb2 Bxd3 27. Qxd3 a5 28.
Bd2 g6 29. Nxf7 Kxf7 30. Qxg6+ Ke7 31. Nc4 Kd7 32. Ba4+ Kc7 33. Bxe8 Rxe8 34.
Nxa5 e5 35. Nc4 e4 36. Qg3+ Kd8 37. Nd6 Re6 38. Nf5 d3 39. Nd4 Re8 40. c6 Qa7
41. Nf5 Qc7 42. Qg6 Qxc6 43. Rc1 Qd7 44. b5 Qa7 45. Nd4 Qxd4 46. Ba5+ Kd7 47.
Qf5+ Re6 48. Rc6 Qa1+ 49. Be1 Qxe1+ 50. Kh2 Bd6+ 51. g3 e3 52. fxe3 Qxg3+ 1/2-1/2

[Event "World Blitz 2016"]
[Site "Doha QAT"]
[Date "2016.12.29"]
[Round "6.6"]
[White "Adhiban, Baskaran"]
[Black "Artemiev, Vladislav"]
[Result "0-1"]
[WhiteTitle "GM"]
[BlackTitle "GM"]
[WhiteElo "2666"]
[BlackElo "2653"]
[WhiteFideId "5018471"]
[BlackFideId "24101605"]
[EventDate "2016.12.29"]

1. c4 e5 2. g3 Nf6 3. Bg2 g6 4. Nc3 Bg7 5. d3 O-O 6. Nf3 Nc6 7. O-O Re8 8. Bg5
h6 9. Bxf6 Bxf6 10. Rb1 a5 11. a3 d6 12. b4 axb4 13. axb4 Bg7 14. b5 Ne7 15. Nd2
e4 16. Qc2 e3 17. fxe3 Nf5 18. Nd5 c6 19. bxc6 bxc6 20. Rxf5 Bxf5 21. Nb4 Rxe3
22. Nxc6 Qe8 23. Ne4 Bxe4 24. Bxe4 Rxe4 25. dxe4 Qxc6 26. Rd1 Rc8 27. Rc1 Re8
28. Qd3 Rxe4 29. e3 Re6 30. Rb1 Qc5 31. Rb3 Rxe3 0-1

[Event "World Blitz 2016"]
[Site "Doha QAT"]
[Date "2016.12.29"]
[Round "6.8"]
[White "Riazantsev, Alexander"]
[Black "Nepomniachtchi, Ian"]
[Result "1-0"]
[WhiteTitle "GM"]
[BlackTitle "GM"]
[WhiteElo "2671"]
[BlackElo "2767"]
[WhiteFideId "4125029"]
[BlackFideId "4168119"]
[EventDate "2016.12.29"]

1. d4 Nf6 2. c4 g6 3. Nc3 d5 4. Nf3 Bg7 5. h4 c6 6. cxd5 cxd5 7. Bf4 Nc6 8. e3
O-O 9. Qb3 b6 10. Rc1 Na5 11. Qa3 Nc4 12. Qb4 Bb7 13. Be2 Rc8 14. O-O Re8 15.
Ne5 Nd6 16. Nb5 a5 17. Qa4 Nfe4 18. Na7 Rxc1 19. Rxc1 Qa8 20. Nb5 Rc8 21. Qd1
Ba6 22. a4 Bxb5 23. axb5 Bxe5 24. dxe5 Rxc1 25. Qxc1 Qc8 26. Qd1 Nf5 27. h5 e6
28. g4 Ne7 29. f3 Nc5 30. Bg5 Kf8 31. Kf2 Nd7 32. f4 Qc5 33. hxg6 Nxg6 34. Qd4
Qc2 35. Qc3 Qxc3 36. bxc3 Ne7 37. Bd3 Nc5 38. Bxh7 a4 39. Ke2 Ng6 40. Kd2 Ne4+
41. Kc2 1-0

[Event "World Blitz 2016"]
[Site "Doha QAT"]
[Date "2016.12.29"]
[Round "6.11"]
[White "Ivanchuk, Vassily"]
[Black "Ganguly, Surya Shekhar"]
[Result "1/2-1/2"]
[WhiteTitle "GM"]
[BlackTitle "GM"]
[WhiteElo "2747"]
[BlackElo "2668"]
[WhiteFideId "14100010"]
[BlackFideId "5002150"]
[EventDate "2016.12.29"]

1. Nf3 d5 2. g3 Nf6 3. Bg2 e6 4. d3 Be7 5. O-O O-O 6. Nbd2 a5 7. e4 a4 8. a3 c5
9. Ne5 Nc6 10. f4 Nxe5 11. fxe5 Nd7 12. exd5 Nxe5 13. Qe2 Qc7 14. Re1 Ng6 15.
Nc4 exd5 16. Bxd5 Bd7 17. Qf3 Rae8 18. Bxb7 Bf6 19. Be4 Ne5 20. Nxe5 Bxe5 21.
Bf4 Bxf4 22. Qxf4 Qb6 23. Rab1 Be6 24. Qf2 Ba2 25. Ra1 Qxb2 26. Qxc5 Rc8 27. Bc6
Be6 28. Rab1 Qf6 29. Qb6 Ba2 30. Bd7 Bxb1 31. Qxf6 gxf6 32. Bxc8 Rxc8 33. Rxb1
Rxc2 34. Rb4 Rc3 35. Rxa4 Rxd3 36. Kg2 Kg7 37. Ra5 Kg6 38. a4 Ra3 39. Kh3 h5 40.
Kg2 Ra2+ 41. Kf3 Rxh2 42. Rb5 Ra2 43. a5 f5 44. Kf4 f6 45. Rc5 Ra4+ 46. Kf3 Kg5
47. Rb5 Ra3+ 48. Kg2 Kg4 49. Rb4+ Kg5 50. Rb5 Kg4 51. Rb4+ Kg5 52. Rb5 1/2-1/2

[Event "World Blitz 2016"]
[Site "Doha QAT"]
[Date "2016.12.29"]
[Round "6.12"]
[White "Cheparinov, Ivan"]
[Black "Bortnyk, Olexandr"]
[Result "0-1"]
[WhiteTitle "GM"]
[BlackTitle "GM"]
[WhiteElo "2689"]
[BlackElo "2581"]
[WhiteFideId "2905540"]
[BlackFideId "14120828"]
[EventDate "2016.12.29"]

1. d4 d6 2. Nf3 Nf6 3. c4 g6 4. g3 Bg7 5. Bg2 O-O 6. O-O Bf5 7. Nc3 Ne4 8. Nd5
c6 9. Ne3 Be6 10. b3 d5 11. Bb2 a5 12. Qc2 a4 13. Ba3 Nd7 14. Rfd1 f5 15. cxd5
cxd5 16. bxa4 f4 17. gxf4 Rxf4 18. Qb3 Nb6 19. Rab1 Nxa4 20. Rdc1 b6 21. Ne5
Bxe5 22. dxe5 Nd2 23. Qd3 Nxb1 24. Nxd5 Nxa3 25. Nxf4 Qxd3 26. exd3 Rc8 27. Rc6
Bd7 28. Bd5+ Kf8 29. Rxc8+ Bxc8 30. d4 Nc3 31. Bb3 Nab5 0-1

[Event "World Blitz 2016"]
[Site "Doha QAT"]
[Date "2016.12.29"]
[Round "6.13"]
[White "Bu, Xiangzhi"]
[Black "Onischuk, Vladimir"]
[Result "1-0"]
[WhiteTitle "GM"]
[BlackTitle "GM"]
[WhiteElo "2705"]
[BlackElo "2601"]
[WhiteFideId "8601445"]
[BlackFideId "14114038"]
[EventDate "2016.12.29"]

1. Nf3 g6 2. d4 Bg7 3. g3 d6 4. Bg2 Nf6 5. O-O O-O 6. c4 c6 7. Nc3 a6 8. a4 a5
9. e4 Na6 10. h3 Nb4 11. Re1 Nd7 12. Be3 e5 13. Qe2 Re8 14. Rad1 Qe7 15. b3 exd4
16. Bxd4 Ne5 17. Rd2 Be6 18. Red1 Red8 19. Nxe5 dxe5 20. Bb6 Rdc8 21. Be3 Na6
22. Qd3 Nc5 23. Qc2 b6 24. Kh2 Re8 25. Qb1 Nd7 26. Nd5 cxd5 27. cxd5 Nc5 28.
dxe6 Nxe6 29. Rd6 Nd4 30. Rxb6 Rab8 31. Bxd4 exd4 32. Rb5 Qa3 33. f4 Rxb5 34.
axb5 g5 35. e5 gxf4 36. gxf4 Qb4 37. Qd3 Bh6 38. Qg3+ Kh8 39. Qh4 Bg7 40. Be4 h6
41. Qg4 Qxb3 42. Rg1 Rg8 43. Qf5 1-0

[Event "World Blitz 2016"]
[Site "Doha QAT"]
[Date "2016.12.29"]
[Round "6.16"]
[White "Nguyen, Ngoc Truong Son"]
[Black "Mamedov, Rauf"]
[Result "1-0"]
[WhiteTitle "GM"]
[BlackTitle "GM"]
[WhiteElo "2629"]
[BlackElo "2688"]
[WhiteFideId "12401110"]
[BlackFideId "13401653"]
[EventDate "2016.12.29"]

1. d4 d6 2. Nf3 g6 3. e4 Bg7 4. Nc3 Nf6 5. Be3 Nc6 6. h3 O-O 7. Qd2 e5 8. dxe5
dxe5 9. Qxd8 Rxd8 10. Bc4 h6 11. Rd1 Rxd1+ 12. Kxd1 Ne8 13. Bb5 Nd6 14. Bxc6
bxc6 15. Nd2 Be6 16. Kc1 f5 17. f3 Nb5 18. Nxb5 cxb5 19. Nb3 a5 20. Nc5 Bf7 21.
Rd1 Bf8 22. a3 Be8 23. Ne6 f4 24. Nxc7 Rc8 25. Nxe8 fxe3 26. Nf6+ Kf7 27. Ng4 h5
28. Nxe3 Bh6 29. Rd3 Ke6 30. Kd1 b4 31. a4 Bf4 32. b3 g5 33. Nc4 Rg8 34. Rd6+
Ke7 35. Rd5 g4 36. hxg4 hxg4 37. Nxe5 gxf3 38. gxf3 Rg2 39. Nc4 Rg1+ 40. Ke2 Rc1
41. Ne3 Rh1 42. Rxa5 Ke6 43. Rf5 Be5 44. f4 Bc3 45. Nd5 Rh2+ 46. Ke3 Be1 47.
Re5+ Kd6 48. Rg5 Rxc2 49. Rg6+ Kc5 50. Rg8 Rb2 51. Rc8+ Kd6 52. Kd4 Bf2+ 53. Kd3
Rxb3+ 54. Kc4 Rb1 55. e5+ Kd7 56. Rc7+ Kd8 57. Rb7 Rc1+ 58. Kd3 Rd1+ 59. Ke2
Rxd5 60. Kxf2 Rd4 61. Kf3 Kc8 62. Rb6 Kc7 63. a5 Rd3+ 64. Ke4 Rb3 65. Kf5 Rb1
66. Kf6 b3 67. f5 b2 68. e6 Kd8 69. e7+ Kd7 70. Rb7+ Kc6 71. e8=Q+ 1-0

[Event "World Blitz 2016"]
[Site "Doha QAT"]
[Date "2016.12.29"]
[Round "6.18"]
[White "Li, Chao b"]
[Black "Amonatov, Farrukh"]
[Result "1/2-1/2"]
[WhiteTitle "GM"]
[BlackTitle "GM"]
[WhiteElo "2720"]
[BlackElo "2620"]
[WhiteFideId "8604436"]
[BlackFideId "14700077"]
[EventDate "2016.12.29"]

1. d4 Nf6 2. c4 g6 3. Nc3 Bg7 4. e4 d6 5. Nf3 O-O 6. Be2 e5 7. dxe5 dxe5 8. Qxd8
Rxd8 9. Bg5 Re8 10. Nd5 Nxd5 11. cxd5 c6 12. O-O cxd5 13. exd5 Bg4 14. h3 Bxf3
15. gxf3 h6 16. Bb5 Rc8 17. Be7 a6 18. Ba4 b5 19. Bb3 Bf8 20. Bxf8 Kxf8 21. Rac1
Nd7 22. d6 Rc5 23. Rxc5 Nxc5 24. Rc1 Nxb3 25. axb3 Ke8 26. Rc7 Rd8 27. Rc6 a5
28. Rc5 f6 29. Rxb5 Rxd6 30. Rxa5 Rd3 31. Kg2 Rxb3 32. Ra7 Kf8 33. Ra2 Kf7 34.
Ra7+ Ke6 35. Ra2 Kf5 36. Ra8 Rxb2 37. Rh8 h5 38. Ra8 Rb4 39. Ra6 Kg5 40. Rc6 Rb3
41. Rc4 Kf5 42. Rc6 Rd3 43. Ra6 g5 44. Ra8 g4 45. hxg4+ hxg4 46. fxg4+ Kxg4 47.
Ra4+ Kg5 48. f4+ exf4 49. Ra8 Rb3 50. Kf2 Kf5 51. Rc8 Ra3 52. Rb8 Ra2+ 53. Kf3
Ra1 54. Rb5+ Kg6 55. Kxf4 1/2-1/2

[Event "World Blitz 2016"]
[Site "Doha QAT"]
[Date "2016.12.29"]
[Round "6.19"]
[White "Lu, Shanglei"]
[Black "Dreev, Aleksey"]
[Result "1-0"]
[WhiteTitle "GM"]
[BlackTitle "GM"]
[WhiteElo "2627"]
[BlackElo "2652"]
[WhiteFideId "8603332"]
[BlackFideId "4100107"]
[EventDate "2016.12.29"]

1. e4 c6 2. Nc3 d5 3. Nf3 Bg4 4. h3 Bxf3 5. Qxf3 e6 6. d4 dxe4 7. Qxe4 Nf6 8.
Qd3 Nbd7 9. g3 Bd6 10. Bg2 O-O 11. Be3 Qc7 12. O-O-O Nd5 13. Bd2 Bb4 14. Ne4
Bxd2+ 15. Rxd2 Rfd8 16. Ng5 N7f6 17. c4 Nb4 18. Qa3 a5 19. Rhd1 e5 20. Nf3 exd4
21. Nxd4 Re8 22. Kb1 Qe5 23. Qf3 Rad8 24. a3 c5 25. axb4 cxd4 26. bxa5 Qxa5 27.
Rxd4 Ra8 28. Qd3 h6 29. g4 Qa2+ 30. Kc2 Qa4+ 31. Qb3 Qa5 32. Qc3 Qa4+ 33. Qb3
Qa5 34. R4d2 Rac8 35. Kb1 Ra8 36. Qb5 Qa2+ 37. Kc2 Rac8 38. Kc3 Qa7 39. Qxb7
Qa5+ 40. Qb4 Qe5+ 41. Kc2 Ne4 42. Re2 Qf4 43. b3 Nxf2 44. Rxe8+ Rxe8 45. Rd2 Ne4
46. Re2 f5 47. Qb7 Qe5 48. Qd5+ Qxd5 49. cxd5 Rc8+ 50. Kb2 Ng3 51. Rc2 Rd8 52.
b4 fxg4 53. hxg4 h5 54. gxh5 Nxh5 55. Rc4 Nf6 56. Rd4 Ne8 57. Kb3 Nd6 58. Bh3
Kf7 59. Be6+ Kf6 60. Rd1 g5 61. Kc3 Rb8 62. Rf1+ Ke5 63. Re1+ Kf4 64. Rd1 Rb7
65. Rf1+ Ke5 66. Re1+ Kf4 67. Kd4 Rc7 68. Rf1+ Kg3 69. Ke5 Nc4+ 70. Kf6 Ne3 71.
Rg1+ Kf4 72. Rxg5 Rb7 73. Rh5 Kf3 74. d6 Rxb4 75. d7 Rd4 76. Ke7 1-0

[Event "World Blitz 2016"]
[Site "Doha QAT"]
[Date "2016.12.29"]
[Round "6.20"]
[White "Vitiugov, Nikita"]
[Black "Svane, Rasmus"]
[Result "1/2-1/2"]
[WhiteTitle "GM"]
[BlackTitle "GM"]
[WhiteElo "2726"]
[BlackElo "2555"]
[WhiteFideId "4152956"]
[BlackFideId "4657101"]
[EventDate "2016.12.29"]

1. d4 Nf6 2. Bg5 c5 3. Bxf6 gxf6 4. d5 Qb6 5. Qc1 f5 6. c4 Bg7 7. Nc3 d6 8. e3
Nd7 9. Nge2 Nf6 10. Nf4 e5 11. Nd3 Bd7 12. Be2 h5 13. Qc2 h4 14. Rb1 Qc7 15. O-O
Ke7 16. a3 Bh6 17. b4 e4 18. Nf4 Bxf4 19. exf4 b6 20. Nd1 cxb4 21. axb4 Nxd5 22.
Qd2 Nf6 23. Ne3 Be6 24. Qd4 Rhb8 25. Rbc1 a5 26. c5 axb4 27. c6 Ra5 28. Qxb4 Rc5
29. Ra1 Rxc6 30. Ra3 Kf8 31. Qb2 Kg7 32. g3 hxg3 33. hxg3 b5 34. Kg2 b4 35. Raa1
Rh8 36. Qxb4 Rb6 37. Qd2 d5 38. Qd4 Qb8 39. Rh1 Rxh1 40. Rxh1 Rb4 41. Qc5 Qb6
42. Qe7 Qb7 43. Qc5 Qb6 44. Qe7 d4 45. Rh8 Kxh8 46. Qxf6+ Kg8 47. Nxf5 Bxf5 48.
Qxf5 d3 49. Bh5 Qe6 50. Qg5+ Kf8 51. Qd8+ Kg7 52. Qg5+ Kf8 53. Qd8+ Kg7 54. Qg5+
Kf8 1/2-1/2

[Event "World Blitz 2016"]
[Site "Doha QAT"]
[Date "2016.12.29"]
[Round "6.21"]
[White "Bok, Benjamin"]
[Black "Moiseenko, Alexander"]
[Result "1-0"]
[WhiteTitle "GM"]
[BlackTitle "GM"]
[WhiteElo "2598"]
[BlackElo "2657"]
[WhiteFideId "1017063"]
[BlackFideId "14102560"]
[EventDate "2016.12.29"]

1. d4 Nf6 2. c4 e6 3. Nf3 Bb4+ 4. Nbd2 b6 5. a3 Bxd2+ 6. Qxd2 Bb7 7. e3 O-O 8.
Be2 d6 9. O-O Nbd7 10. b4 Ne4 11. Qc2 f5 12. d5 exd5 13. Bb2 c5 14. cxd5 Bxd5
15. Rad1 Bb7 16. Bc4+ Kh8 17. Be6 Qe7 18. Qb3 b5 19. Bxd7 Qxd7 20. bxc5 Nxc5 21.
Qc3 Bxf3 22. Rxd6 Qe7 23. Qxc5 Qg5 24. g3 Rf7 25. Qd4 Rg8 26. Rc1 f4 27. exf4
Qg4 28. Qd3 Ba8 29. Rd8 Qh3 30. f3 Qe6 31. Rd1 h6 32. Rd6 Qh3 33. Qg6 Bxf3 34.
Qxh6+ 1-0

[Event "World Blitz 2016"]
[Site "Doha QAT"]
[Date "2016.12.29"]
[Round "6.23"]
[White "Aronian, Levon"]
[Black "Flores, Diego"]
[Result "1-0"]
[WhiteTitle "GM"]
[BlackTitle "GM"]
[WhiteElo "2785"]
[BlackElo "2579"]
[WhiteFideId "13300474"]
[BlackFideId "108049"]
[EventDate "2016.12.29"]

1. c4 c5 2. Nf3 g6 3. e4 Bg7 4. d4 cxd4 5. Nxd4 Nc6 6. Nc2 d6 7. Be2 Nf6 8. Nc3
O-O 9. O-O Be6 10. Bd2 Nd7 11. Rc1 Nc5 12. b4 Bxc3 13. Bxc3 Nxe4 14. Ba1 a5 15.
b5 Ne5 16. Qd4 Nf6 17. Ne3 Ned7 18. Bf3 Qc7 19. g4 g5 20. h4 h6 21. hxg5 hxg5
22. Qd2 Nh7 23. Kg2 Ne5 24. Rh1 f6 25. Bd5 Qc8 26. Nf5 Rf7 27. Nh6+ Kg7 28. Nxf7
Bxd5+ 29. Qxd5 Qxg4+ 30. Kf1 Nf3 31. Nxd6 exd6 32. Qxb7+ Kg6 33. Qxh7# 1-0

[Event "World Blitz 2016"]
[Site "Doha QAT"]
[Date "2016.12.29"]
[Round "6.24"]
[White "Tomashevsky, Evgeny"]
[Black "Najer, Evgeniy"]
[Result "1/2-1/2"]
[WhiteTitle "GM"]
[BlackTitle "GM"]
[WhiteElo "2716"]
[BlackElo "2679"]
[WhiteFideId "4147235"]
[BlackFideId "4118987"]
[EventDate "2016.12.29"]

1. e4 c5 2. Nf3 e6 3. g3 Nc6 4. Bg2 d5 5. exd5 exd5 6. O-O Nf6 7. d4 Be7 8. dxc5
O-O 9. Nbd2 Bxc5 10. Nb3 Bb6 11. c3 Ne4 12. Be3 Bxe3 13. fxe3 Bg4 14. Qd3 Qe7
15. Nbd4 Rfe8 16. Rae1 Rad8 17. Nd2 Ne5 18. Qc2 Nc5 19. N2f3 Nc4 20. Re2 Qe4 21.
Qc1 Nd3 22. Qb1 Bxf3 23. Bxf3 Qg6 24. Rd1 Ndxb2 25. Rxb2 Nxb2 26. Qxb2 Rxe3 27.
Qxb7 Rxc3 28. Qxa7 h6 29. Qe7 Rcc8 30. Rf1 Qb6 31. Qe3 Rc4 32. Nf5 Qxe3+ 33.
Nxe3 Rc3 34. Nxd5 Rxf3 35. Ne7+ Kf8 36. Ng6+ fxg6 37. Rxf3+ Ke7 38. a4 Rd1+ 39.
Kg2 Ra1 40. Rf4 Ra3 41. h4 g5 42. hxg5 hxg5 43. Rb4 Kf6 44. Kh3 Kf5 45. Rb5+ Kg6
46. a5 Kh5 47. Rc5 Ra4 48. Rb5 Ra3 49. Rc5 Ra4 50. Rb5 Ra3 1/2-1/2

[Event "World Blitz 2016"]
[Site "Doha QAT"]
[Date "2016.12.29"]
[Round "6.25"]
[White "Pichot, Alan"]
[Black "Zhigalko, Sergei"]
[Result "1-0"]
[WhiteTitle "GM"]
[BlackTitle "GM"]
[WhiteElo "2544"]
[BlackElo "2671"]
[WhiteFideId "110973"]
[BlackFideId "13502956"]
[EventDate "2016.12.29"]

1. e4 c5 2. Nf3 Nc6 3. Bb5 Nf6 4. Nc3 Qc7 5. O-O Nd4 6. Re1 a6 7. Bf1 Ng4 8. g3
Nxf3+ 9. Qxf3 Ne5 10. Qe2 e6 11. d3 d6 12. f4 Nc6 13. Bg2 Be7 14. Be3 O-O 15.
Qf2 b5 16. g4 b4 17. Ne2 a5 18. g5 f6 19. Qg3 fxg5 20. fxg5 e5 21. c3 a4 22. c4
Be6 23. Rf1 Qd7 24. h4 Bg4 25. Bf3 Bxf3 26. Rxf3 Rxf3 27. Qxf3 Rf8 28. Qg2 Qe8
29. Qg4 Qf7 30. Ng3 Qf3 31. Qxf3 Rxf3 32. Nf5 g6 33. Kg2 Rxf5 34. exf5 gxf5 35.
Rf1 f4 36. Bf2 b3 37. a3 h5 38. gxh6 Kh7 39. Kf3 Kxh6 40. Rg1 Nd8 41. Rg8 Kh7
42. Re8 Bf6 43. h5 Kg7 44. h6+ Kf7 45. Bh4 Bxh4 46. h7 Bf6 47. Rxd8 e4+ 48. Kxe4
Bxb2 49. h8=Q Bxh8 50. Rxh8 d5+ 51. cxd5 f3 52. Kxf3 Kg7 53. Rb8 1-0

[Event "World Blitz 2016"]
[Site "Doha QAT"]
[Date "2016.12.29"]
[Round "6.28"]
[White "Atabayev, Maksat"]
[Black "Vallejo Pons, Francisco"]
[Result "1-0"]
[WhiteTitle "GM"]
[BlackTitle "GM"]
[WhiteElo "2492"]
[BlackElo "2711"]
[WhiteFideId "14001101"]
[BlackFideId "2205530"]
[EventDate "2016.12.29"]

1. e4 e5 2. Nf3 Nc6 3. Bc4 Bc5 4. c3 Nf6 5. d3 a6 6. O-O Ba7 7. Bb3 d6 8. Nbd2
h6 9. Re1 Ng4 10. Re2 Nf6 11. Nf1 O-O 12. Ng3 Ne7 13. Be3 Ng6 14. Re1 Bxe3 15.
fxe3 c6 16. d4 b5 17. Qd2 Qc7 18. Rad1 c5 19. dxe5 dxe5 20. Qd6 Ra7 21. Qxc7
Rxc7 22. Rd6 Rd7 23. Red1 Rfd8 24. Rxd7 Rxd7 25. Rxd7 Bxd7 26. Kf2 Kf8 27. Bd5
Ke7 28. c4 b4 29. Ne1 Ng4+ 30. Ke2 Nxh2 31. Nd3 Kd6 32. Bxf7 Nh4 33. Ne1 Ng4 34.
Bd5 Nf6 35. Kd2 a5 36. Nf1 g5 37. a3 Be8 38. axb4 axb4 39. Ke2 Bh5+ 40. Kd3 Ng4
41. Ng3 Bg6 42. Kd2 Nf6 43. Ke2 Be8 44. Nf1 Ng6 45. Nd3 Ne7 46. Nd2 Bh5+ 47. Ke1
Bg6 48. Nf2 g4 49. g3 h5 50. Kf1 Nc8 51. b3 Ne7 52. Kg2 Nh7 53. Nd3 Ng5 54. Nf2
Nc8 55. Kg1 Nb6 56. Kg2 Nd7 57. Kg1 Nf3+ 58. Nxf3 gxf3 59. Kh2 Nf6 60. Ba8 Bf7
61. Kg1 Be6 62. Nd3 Nxe4 63. Bxe4 1-0

[Event "World Blitz 2016"]
[Site "Doha QAT"]
[Date "2016.12.29"]
[Round "6.29"]
[White "Naiditsch, Arkadij"]
[Black "Hirneise, Tobias"]
[Result "1-0"]
[WhiteTitle "GM"]
[BlackTitle "IM"]
[WhiteElo "2687"]
[BlackElo "2466"]
[WhiteFideId "4650891"]
[BlackFideId "24600881"]
[EventDate "2016.12.29"]

1. d4 d5 2. Nf3 Nf6 3. Bf4 e6 4. e3 Bd6 5. Nbd2 O-O 6. c3 c5 7. Bd3 Nc6 8. a3 b6
9. b4 Bb7 10. b5 Ne7 11. Bxd6 Qxd6 12. Ne5 Rac8 13. O-O cxd4 14. cxd4 Rc3 15. a4
Ng6 16. Ndf3 Rfc8 17. Nxg6 hxg6 18. Ne5 Nd7 19. f4 Nxe5 20. fxe5 Qe7 21. Qd2
R8c7 22. a5 bxa5 23. Rxa5 Bc8 24. Rfa1 Qb4 25. Bf1 Qb3 26. Rxa7 Rc2 27. Qe1 R7c3
28. Rb1 Rxe3 29. Rxb3 Rxe1 30. b6 Rcc1 31. Rf3 Rb1 32. Raxf7 Ba6 33. Rf8+ 1-0

[Event "World Blitz 2016"]
[Site "Doha QAT"]
[Date "2016.12.29"]
[Round "6.30"]
[White "Banikas, Hristos"]
[Black "Mchedlishvili, Mikheil"]
[Result "1/2-1/2"]
[WhiteTitle "GM"]
[BlackTitle "GM"]
[WhiteElo "2568"]
[BlackElo "2601"]
[WhiteFideId "4202031"]
[BlackFideId "13600966"]
[EventDate "2016.12.29"]

1. Nf3 Nf6 2. c4 g6 3. g3 Bg7 4. Bg2 c6 5. O-O d5 6. cxd5 cxd5 7. d4 Ne4 8. Ng5
Nxg5 9. Bxg5 Nc6 10. Nc3 h6 11. Bf4 e6 12. e4 Nxd4 13. exd5 O-O 14. Bxh6 Bxh6
15. Qxd4 Bg7 16. Qb4 a5 17. Qa3 Qb6 18. Rad1 exd5 19. Nxd5 Qxb2 20. Ne7+ Kh7 21.
Qxb2 Bxb2 22. Rb1 Ba3 23. Nxc8 Raxc8 24. Rxb7 Rc5 25. Rb3 Bb4 26. Rd1 Kg7 27. a3
Bc3 28. Rd5 Rfc8 29. Rb7 R5c7 30. Rd7 Rxd7 31. Rxd7 Be5 32. Rd5 Rc1+ 33. Bf1 Bc7
34. a4 Bb6 35. Rb5 Bd8 36. Rd5 Bb6 37. Rb5 Bd8 38. Rd5 Bb6 1/2-1/2

[Event "World Blitz 2016"]
[Site "Doha QAT"]
[Date "2016.12.29"]
[Round "6.31"]
[White "Bologan, Victor"]
[Black "Fressinet, Laurent"]
[Result "1-0"]
[WhiteTitle "GM"]
[BlackTitle "GM"]
[WhiteElo "2640"]
[BlackElo "2672"]
[WhiteFideId "13900048"]
[BlackFideId "608742"]
[EventDate "2016.12.29"]

1. d4 Nf6 2. c4 e6 3. Nf3 d5 4. Nc3 Bb4 5. cxd5 exd5 6. Bg5 h6 7. Bxf6 Qxf6 8.
Qa4+ Nc6 9. Rc1 O-O 10. e3 Qg6 11. Qd1 Be6 12. h3 a6 13. Bd3 Qf6 14. O-O Rfd8
15. Na4 Bd6 16. Nc5 Bc8 17. Kh1 Ne7 18. e4 Bxc5 19. e5 Qb6 20. Rxc5 c6 21. Qc1
Bf5 22. Bxf5 Nxf5 23. a3 Re8 24. g4 Ne7 25. Nh4 Qb3 26. Rc3 Qa4 27. Qd2 Rac8 28.
Nf5 Nxf5 29. gxf5 c5 30. Rg1 Kh7 31. Rcg3 Rg8 32. Rg4 cxd4 33. Rh4 Rc6 34. e6
Rh8 35. f6 1-0

[Event "World Blitz 2016"]
[Site "Doha QAT"]
[Date "2016.12.29"]
[Round "6.32"]
[White "Jakovenko, Dmitry"]
[Black "Agdestein, Simen"]
[Result "1-0"]
[WhiteTitle "GM"]
[BlackTitle "GM"]
[WhiteElo "2704"]
[BlackElo "2602"]
[WhiteFideId "4122356"]
[BlackFideId "1500015"]
[EventDate "2016.12.29"]

1. d4 e6 2. c4 f5 3. g3 Nf6 4. Bg2 c6 5. Nf3 d5 6. O-O Bd6 7. Nc3 O-O 8. Rb1 a5
9. Qc2 Bd7 10. Ne5 Be8 11. Bf4 h6 12. c5 Be7 13. Nd3 Nbd7 14. Be5 Nxe5 15. Nxe5
Nd7 16. Nxd7 Bxd7 17. Na4 f4 18. Nb6 Ra7 19. Bh3 Rf6 20. Nxd7 Qxd7 21. Qd2 fxg3
22. fxg3 Ra8 23. Rf3 Re8 24. Qxa5 Bd8 25. Qd2 Qf7 26. Rbf1 e5 27. dxe5 Rxe5 28.
Bg2 Qe8 29. Rxf6 Bxf6 30. Bf3 Bg5 31. Qa5 Kh7 32. Qa3 Re3 33. Qb4 Qe7 34. Kg2
Bf6 35. b3 b5 36. Qf4 Re5 37. b4 Bg5 38. Qg4 g6 39. Qc8 Qe6 40. Qc7+ 1-0

[Event "World Blitz 2016"]
[Site "Doha QAT"]
[Date "2016.12.29"]
[Round "6.33"]
[White "Jumabayev, Rinat"]
[Black "Potapov, Pavel"]
[Result "1-0"]
[WhiteTitle "GM"]
[BlackTitle "GM"]
[WhiteElo "2611"]
[BlackElo "2493"]
[WhiteFideId "13702661"]
[BlackFideId "4169786"]
[EventDate "2016.12.29"]

1. Nf3 f5 2. g3 Nf6 3. Bg2 g6 4. d4 Bg7 5. b3 O-O 6. Bb2 Ne4 7. O-O d6 8. c4 Nc6
9. Nc3 Nxc3 10. Bxc3 Qe8 11. Rc1 e5 12. d5 Nd8 13. c5 Nf7 14. b4 g5 15. Nd2 Bd7
16. Nc4 Bb5 17. Na5 Rb8 18. Ba1 Qe7 19. a4 Be8 20. Qc2 b6 21. cxb6 cxb6 22. Nc6
Bxc6 23. dxc6 Qc7 24. Qxf5 Rbd8 25. Bd5 Rfe8 26. b5 Re7 27. Rfd1 Qc8 28. Qxc8
Rxc8 29. Bxf7+ Kxf7 30. Rxd6 Bf8 31. Rcd1 e4 32. e3 h5 33. Kg2 a6 34. Rf6+ Ke8
35. Rf5 Bh6 36. Rd6 Bf8 37. Rg6 axb5 38. axb5 Rf7 39. Rxf7 Kxf7 40. Rxg5 Ra8 41.
Bd4 1-0